| 000 | 00476nam a22001817a 4500 | ||
|---|---|---|---|
| 003 | OSt | ||
| 005 | 20140310184459.0 | ||
| 008 | 121113t xxu||||| |||| 00| 0 eng d | ||
| 020 | _a0590331272 | ||
| 050 |
_aPZ 7 _b.K92 2003 |
||
| 245 |
_aWe Just Moved! / _cStephen Krensky, Illustrated By: Larry DiFiori |
||
| 260 |
_aNew York : _bScholastic Inc., _c2003. |
||
| 300 |
_bcol. ill. ; _c23 cm. |
||
| 521 | _aG1 | ||
| 526 | _c250 | ||
| 942 |
_2lcc _cBK-SCHOLAS |
||
| 999 |
_c34707 _d34707 |
||